عرض عادي
عرض مارك
- Narayana Rao, Nannapaneni.
مدخل إسم شخص
001 - رقم الضبط
- حقل الضبط: 36635
003 - معرف رقم الضبط
- حقل الضبط: OSt
005 - تاريخ ووقت أخر عملية
- حقل الضبط: 20130819091157.0
008 - عناصر بيانات ثابتة الطول
- حقل تحكم ثابت الطول: 130819|||a|||||| | ||| d
040 ## - مصدر الفهرسة
- هيئة الفهرسة الأصلية: OSt
- وكالة الكتابة: OSt
100 ## - مدخل -- أسم شخص
- إسم شخص: Narayana Rao, Nannapaneni.
670 ## - بيانات المصدر موجوده
- الاستشهاد بالمصدر: Work cat.: (OSt)30455: Narayana Rao, Nannapaneni., Fundamentals of electromagnetics for electrical and computer engineering /, c2009.
